Democracy, accountability and representation. Parte Two: The Structure of Government and Accountability /
Furkejuvvon:
| Váldodahkki: | |
|---|---|
| Eará dahkkit: | |
| Materiálatiipa: | Texto |
| Almmustuhtton: |
Cambridge:
Cambridge University Press
|
| Fáddágilkorat: |
Lasit fáddágilkoriid
Eai fáddágilkorat, Lasit vuosttaš fáddágilkora!
|
MARC
| LEADER | 00000 a a2200000 04500 | ||
|---|---|---|---|
| 001 | 28782 | ||
| 003 | |||
| 040 | |||
| 020 | |a 0 521 64616 2 | ||
| 090 | |a 189610 | ||
| 100 | |a Przeworski, Adam | ||
| 245 | |a Democracy, accountability and representation. Parte Two: The Structure of Government and Accountability / |c Adam Przeworski | ||
| 260 | |a Cambridge: |b Cambridge University Press | ||
| 300 | |a 351 p | ||
| 500 | |a Al final de la obra se encuentra un índice de autores y otro temático | ||
| 700 | |a ed. |a Stokes, Susan C |a ed. |a Manin, Bernard |a ed. | ||
| 999 | |c 6817 |d 6817 | ||
